Czy rozpoznasz kluby po ich starych herbach? - Statystyki

Ogólne statystyki
  • Ten quiz został rozwiązany 232 razy
  • Średni wynik to 8 z 15
Statystyki odpowiedzi
Obrazkowy Odpowiedź % Poprawnych
Real Betis Balompie
81%
Real Sociedad
81%
Bologna
78%
Leeds United
76%
West Ham United
71%
Sampdoria Genua
59%
Fc Barcelona
56%
Juventus
55%
Eintracht Frankfurt
53%
Real Madryt
48%
Torino FC
42%
Bayern Monachium
32%
Olympique Marsylia
20%
Arsenal Londyn
6%
Benfica Lizbona
2%
Nie znaleziono quizów pasujących do podanych kryteriów
Rozkład punktacji
Procent ludzi z każdym wynikiem
Percentyl według liczby udzielonych odpowiedzi
Twoja historia wyników
Nie rozwiązałeś tego quizu